[Event "Titled Tuesday intern op 31st Jan Early"]
[Site "Chess.com INT"]
[Date "2023.01.31"]
[Round "9"]
[White "Guliev, Logman"]
[Black "Rose, Felix"]
[Result "0-1"]
[WhiteElo "2261"]
[BlackElo "2091"]
[PlyCount "138"]
[EventDate "2023.01.31"]
[EventType "swiss (blitz)"]
[EventRounds "11"]
[EventCountry "USA"]
[SourceTitle "CBM 212 Extra"]
[Source "ChessBase"]
[SourceDate "2023.03.31"]
[SourceVersion "1"]
[SourceVersionDate "2023.03.31"]
[SourceQuality "1"]

1. e4 e5 2. Nf3 Nc6 3. Bb5 a6 4. Ba4 Nf6 5. 0-0 b5 6. Bb3 Be7 7. d4 d6 8. c3 0-0 9. h3 Bb7 10. Re1 h6 11. Nbd2 Re8 12. Nf1 Bf8 13. Ng3 g6 14. a3 Bg7 15. Ba2 d5 16. Nxe5 Nxe5 17. dxe5 Nxe4 18. Nxe4 dxe4 19. Qg4 Bd5 20. Rd1 c6 21. Bf4 h5 22. Qg3 Qd7 23. c4 bxc4 24. Bxc4 Qe6 25. Bf1 Bxe5 26. Bxe5 Qxe5 27. Qe3 Qxb2 28. Rab1 Qe5 29. Rb7 a5 30. Rdb1 Rab8 31. Qa7 Rxb7 32. Rxb7 e3 33. fxe3 Qxe3+ 34. Qxe3 Rxe3 35. a4 Ra3 36. Ra7 Rxa4 37. g4 hxg4 38. hxg4 Rxg4+ 39. Kf2 a4 40. Ke3 Rb4 41. Be2 Kg7 42. Bd1 Bb3 43. Bf3 c5 44. Bc6 c4 45. Bd5 c3 46. Rxf7+ Kh6 47. Rd7 Bxd5 48. Rxd5 a3 49. Ra5 c2 50. Kd2 Rc4 51. Kc1 Rc3 52. Ra8 Kg5 53. Ra7 Kg4 54. Ra4+ Kf5 55. Ra5+ Kf4 56. Ra4+ Ke3 57. Rg4 a2 58. Ra4 g5 59. Rxa2 g4 60. Ra8 g3 61. Re8+ Kf2 62. Rf8+ Kg1 63. Rg8 g2 64. Rg7 Rf3 65. Kxc2 Kf2 66. Kd2 g1Q 67. Rxg1 Kxg1 68. Ke2 Kg2 69. Ke1 Ra3 0-1

[Event "Titled Tuesday intern op 31st Jan Early"]
[Site "Chess.com INT"]
[Date "2023.01.31"]
[Round "6"]
[White "Guliev, Logman"]
[Black "Szpar, Milosz"]
[Result "0-1"]
[WhiteElo "2261"]
[BlackElo "2428"]
[PlyCount "70"]
[EventDate "2023.01.31"]
[EventType "swiss (blitz)"]
[EventRounds "11"]
[EventCountry "USA"]
[SourceTitle "CBM 212 Extra"]
[Source "ChessBase"]
[SourceDate "2023.03.31"]
[SourceVersion "1"]
[SourceVersionDate "2023.03.31"]
[SourceQuality "1"]

1. e3 c5 2. Nf3 g6 3. d4 Bg7 4. c4 Nf6 5. Nc3 0-0 6. Be2 cxd4 7. exd4 d5 8. 0-0 Nc6 9. h3 Be6 10. c5 Ne4 11. Bf4 h6 12. Rc1 g5 13. Bh2 f5 14. Bb5 Rc8 15. Bxc6 bxc6 16. Be5 Bf6 17. Bxf6 exf6 18. Ne1 f4 19. f3 Ng3 20. Rf2 Bf5 21. Ne2 Re8 22. Nxg3 fxg3 23. Re2 Qa5 24. b3 Kf7 25. Qd2 Qxd2 26. Rxd2 Re7 27. Kf1 Rce8 28. Nc2 Bc8 29. Nb4 a5 30. Nd3 Ba6 31. a3 Re3 32. Rcd1 Rb8 33. b4 axb4 34. axb4 Rxb4 35. Re1 Bxd3+ 0-1

[Event "Titled Tuesday intern op 31st Jan Early"]
[Site "Chess.com INT"]
[Date "2023.01.31"]
[Round "11"]
[White "Lauridsen, Jesper Morch"]
[Black "Guliev, Logman"]
[Result "0-1"]
[WhiteElo "2250"]
[BlackElo "2261"]
[PlyCount "88"]
[EventDate "2023.01.31"]
[EventType "swiss (blitz)"]
[EventRounds "11"]
[EventCountry "USA"]
[SourceTitle "CBM 212 Extra"]
[Source "ChessBase"]
[SourceDate "2023.03.31"]
[SourceVersion "1"]
[SourceVersionDate "2023.03.31"]
[SourceQuality "1"]

1. d4 d5 2. Nf3 Nf6 3. Bf4 Bg4 4. e3 Nbd7 5. Nbd2 e6 6. Be2 Be7 7. 0-0 0-0 8. a4 c5 9. dxc5 Nxc5 10. Ne5 Bxe2 11. Qxe2 Rc8 12. a5 a6 13. c3 Nfe4 14. Ra2 Nxd2 15. Qxd2 Nb3 16. Qd3 Nxa5 17. e4 dxe4 18. Qxe4 Nc6 19. b4 Bg5 20. Rd2 Qf6 21. Bxg5 Qxe5 22. Qxe5 Nxe5 23. Be3 Nc4 24. Rd3 Rfd8 25. Rfd1 Rxd3 26. Rxd3 Nxe3 27. fxe3 Kf8 28. Kf2 Ke7 29. e4 Rd8 30. Rg3 Rd2+ 31. Ke3 Rc2 32. Kd3 Rb2 33. Rxg7 b6 34. Rxh7 Rxg2 35. Rh8 a5 36. bxa5 bxa5 37. Ra8 Rxh2 38. Rxa5 Kf6 39. c4 Rh1 40. c5 Rc1 41. Kd4 Rd1+ 42. Ke3 Ke5 43. c6+ Kd6 44. Ra7 Rf1 0-1